BIBLIOTHÈQUE DE LA MAISON DU MEXIQUE

Logo 1 Logo 2

Fray Bernardino de Sahagún en Tlatelolco (notice nᵒ 12734)

détails MARC
000 -Sello discográfico
campo de control de longitud fija 00981nam a2200289 4500
005 - Identificación de versión
campo de control 20260330132106.0
010 ## - Número Estándar Internacional de Libros (ISBN)
Número (ISBN) 968-810-611-9
099 ## - fechas locales
Tipo de ítem Koha LIBRO
100 ## - Datos de procesamiento general
Datos de procesamiento general 20260326d1999 m y1spay5003 ba
101 ## - Idioma del recurso
Idioma del texto, banda sonora, etc. Español; Castellano
105 ## - Campo de datos codificados: Material textual, monográfico
Datos codificados de monografía a 001zy
200 ## - Título y mención de responsabilidad
Título propio Fray Bernardino de Sahagún en Tlatelolco
Designación general del material texto impreso
Primer mención de responsabilidad Miguel León-Portilla
205 ## - Declaración de edición
Declaración de edición 1a ed
210 ## - Publicación, distribución, etc.
Lugar de publicación, distribución, etc. México
Nombre del editor, distribuidor, etc. Secretaría de Relaciones Exteriores
Fecha de publicación, distribución, etc. 1999
215 ## - Descripción física
Designación de material específico y extensión del ítem 185 p
Otras características físicas il., foos
Dimensiones 31 cm
320 ## - Nota de índices/bibliografías internas
Texto de la nota Incluye bibliografía: p. 164-185
345 ## - Nota de información de adquisición
Fuente de adquisición/dirección de la suscripción [OBSOLETO] Donación
600 ## - Nombre personal usado como materia
Elemento de entrada Sahagún
Parte del nombre distinta del elemento de entrada Bernardino de
Fechas 1499-1590
Adiciones al nombre que no sean fechas Fray
Número Koha 8682
606 ## - Término temático usado como materia
Elemento de entrada Aztecas
Subdivisión temática Historiografía
Número Koha 19603
607 ## - Nombre geográfico utilizado como tema
Elemento de entrada México
Subdivisión temática Historia
Subdivisión cronológica Colonia, 1540-1810
Subdivisión temática Fuentes
Número Koha 3025
660 ## - Código de área geográfica
Código MX
700 ## - Nombre personal - Responsabilidad primaria
Elemento de entrada León Portilla
Parte del nombre distinta del elemento de entrada Miguel
Fechas 1926-2019
Número Koha 33
801 ## - Fuente de origen
País FR
Agencia cm
Reglas de catalogación (convenciones descriptivas) AFNOR
942 ## - ELEMENTOS DE ENTRADA SECUNDARIOS (KOHA)
Tipo de ítem Koha Livre
Exemplaires
Estatus retirado Estado de daño Estado de pérdida Fuente de la clasificación o esquema de estantería Fecha de adquisición Biblioteca de origen Biblioteca actual Código de barras Precio de reemplazo Signatura topográfica completa No para préstamo Tipo de ítem Koha Nota no pública
      Clasificación Decimal Dewey 26/03/2026 Casa México Paris Casa México Paris 011311 26/03/2026 F972.014 L579fr No se presta a domicilio Livre 751145101